<?xml version="1.0" encoding="UTF-8"?>
<collection xmlns="http://www.loc.gov/MARC21/slim">
  <record>
    <leader>00000nam  2200000   4500</leader>
    <controlfield tag="001">INLIS000000000016866</controlfield>
    <controlfield tag="005">20240304032444</controlfield>
    <datafield tag="035" ind1="#" ind2="#">
      <subfield code="a">0010-0324000013</subfield>
    </datafield>
    <controlfield tag="007">ta</controlfield>
    <controlfield tag="008">240304################|##########|#|##</controlfield>
    <datafield tag="084" ind1="#" ind2="#">
      <subfield code="a">R 039 LATSAR 2021</subfield>
    </datafield>
    <datafield tag="100" ind1=" " ind2="#">
      <subfield code="a">Rizky Priambodo</subfield>
    </datafield>
    <datafield tag="245" ind1="1" ind2="#">
      <subfield code="a">Pembuatan Template Form Microsoft Word Untuk Penyelesaian Sengketa Proses Pemilu Di Website Bawaslu Provinsi Jawa Tengah /</subfield>
      <subfield code="c">Rizky Priambodo</subfield>
    </datafield>
    <datafield tag="260" ind1="#" ind2="#">
      <subfield code="a">Jakarta :</subfield>
      <subfield code="b">Pusbangkader,</subfield>
      <subfield code="c">2021</subfield>
    </datafield>
    <datafield tag="300" ind1="#" ind2="#">
      <subfield code="a">150 halaman ;</subfield>
      <subfield code="c">30 cm</subfield>
    </datafield>
    <datafield tag="650" ind1="#" ind2="4">
      <subfield code="a">Website</subfield>
    </datafield>
    <datafield tag="520" ind1="#" ind2="#">
      <subfield code="a">Website Bawaslu Provinsi Jawa Tengah https://jateng.bawaslu.go.id/ belum tersedia form penyelesaian sengketa proses Pemilu dalam bentuk format "microsoft word". DOkumen yang tersedia  di Perbawaslu 18 Tahun 2017 tentang Tata Cara Penyelesaian Sengketa Proses Pemilihan Umum, sebagaimana terakhir dirubah Perbawaslu 5 Tahun 2019 Tentang perubahan ketiga atas Perbawaslu 18 tahun 2017 tentang Tata Cara Penyelesaian Sengketa Proses Pemilihan Umum berbentuk Pdf, yang bertujuan agar tidak dirubah isi dan bentuk lampiran Perbawaslu sebagaimana dimaksud.</subfield>
    </datafield>
    <datafield tag="856" ind1="#" ind2="#">
      <subfield code="a">Perpustakaan LAN Pusat</subfield>
    </datafield>
    <datafield tag="990" ind1="#" ind2="#">
      <subfield code="a">23.11.039</subfield>
    </datafield>
  </record>
</collection>
